| 000 | 01381pam a2200349 i 4500 | ||
|---|---|---|---|
| 001 | 28137 | ||
| 003 | BD-RjUL | ||
| 005 | 20211209051237.0 | ||
| 008 | 140329s1979 nyu j b 001 0beng | ||
| 020 | _a037916163X : | ||
| 035 | _a(BD-RjUL)28218 | ||
| 040 |
_aDLC _cDLC _dDLC _dBD-RjUL _beng |
||
| 041 | _aeng | ||
| 082 | 0 | 0 |
_a974.800202 _bCHR 1979 |
| 245 | 0 | 0 |
_aChronology and documentary handbook of the State of Pennsylvania / _cRobert I. Vexler, State editor. |
| 260 |
_aDobbs Ferry, N.Y. : _bOceana Publications, _cc1979. |
||
| 300 |
_aviii, 149 p. : _bill. ; _c24 cm. |
||
| 500 | _aCover title: Pennsylvania, a chronology & documentary handbook. | ||
| 504 | _aBibliography: p. 145-146. | ||
| 504 | _aIncludes index. | ||
| 520 | _aContains a chronology of historical events from 1609 to 1977, a biographical directory of prominent citizens, and selected documents pertinent to Pennsylvania history. | ||
| 651 | 0 |
_aPennsylvania _xHistory _xChronology. _986227 |
|
| 651 | 0 |
_aPennsylvania _xBiography. _986228 |
|
| 651 | 0 |
_aPennsylvania _xHistory _xSources. _986229 |
|
| 651 | 1 |
_aPennsylvania _xHistory. _986230 |
|
| 700 | 1 |
_aVexler, Robert I. _92173 |
|
| 740 | _aPennsylvania, a chronology & documentory handbook. | ||
| 942 |
_2ddc _cBK |
||
| 999 |
_c28137 _d28137 |
||